<?xml version="1.0" encoding="UTF-8"?>
<collection xmlns="http://www.loc.gov/MARC21/slim">
 <record>
  <leader>     na                 </leader>
  <controlfield tag="001">INLIS000000000006796</controlfield>
  <controlfield tag="005">20221111091816</controlfield>
  <datafield tag="035" ind1=" " ind2=" ">
   <subfield code="a">0010-0520006796</subfield>
  </datafield>
  <controlfield tag="008">221111                |          | ind  </controlfield>
  <datafield tag="020" ind1=" " ind2=" ">
   <subfield code="a">9797092798</subfield>
  </datafield>
  <datafield tag="041" ind1=" " ind2=" ">
   <subfield code="a">ind</subfield>
  </datafield>
  <datafield tag="082" ind1=" " ind2=" ">
   <subfield code="a">364.132</subfield>
  </datafield>
  <datafield tag="084" ind1=" " ind2=" ">
   <subfield code="a">364.132 KWI p</subfield>
  </datafield>
  <datafield tag="100" ind1="0" ind2=" ">
   <subfield code="a">Kwik Kian Gie</subfield>
  </datafield>
  <datafield tag="245" ind1="1" ind2=" ">
   <subfield code="a">Pikiran Yang Terkorupsi /</subfield>
   <subfield code="c">Kwik Kian Gie</subfield>
  </datafield>
  <datafield tag="260" ind1=" " ind2=" ">
   <subfield code="a">Jakarta :</subfield>
   <subfield code="b">Kompas,</subfield>
   <subfield code="c">2006</subfield>
  </datafield>
  <datafield tag="300" ind1=" " ind2=" ">
   <subfield code="a">viii, 228 hlm.; 21 cm ;</subfield>
   <subfield code="c">21 cm</subfield>
  </datafield>
  <datafield tag="520" ind1=" " ind2=" ">
   <subfield code="a">Pikiran yang Terkorupsi adalah kumpulan esai ekonomi Kwik Kian Gie yang ditulis di harian Kompas dari 1999-2006. Berisi dua bab, buku ini membahas persoalan korupsi di Indonesia, termasuk teknik-teknik yang sering dipakai. Dalam konteks inilah ia mengemukakan suatu istilah yang penting dalam memahami soal korupsi di Insdonesia, yaitu 'Pikiran yang Terkorupsi' (corrupted mind). Apakah pikiran yang terkorupsi itu? Sudah seberapa kuatkah ia bercokol di Indonesia? Seberapa besar dampaknya bagi Indonesia? Buku ini membahasnya. Pikiran yang Terkorupsi adalah buku pertama dari &quot;dwi tunggal&quot; karya Kwik Kian Gie yang diterbitkan oleh Penerbit Buku Kompas. Buku kedua berjudul Kebijakan Ekonomi Politik dan Hilangnya Nalar.</subfield>
  </datafield>
  <datafield tag="650" ind1=" " ind2="4">
   <subfield code="a">Korupsi- Indonesia</subfield>
  </datafield>
  <datafield tag="650" ind1=" " ind2="4">
   <subfield code="a">Essai</subfield>
  </datafield>
  <datafield tag="990" ind1=" " ind2=" ">
   <subfield code="a">13740/MKRI-P/XI-2009</subfield>
  </datafield>
  <datafield tag="990" ind1=" " ind2=" ">
   <subfield code="a">13741/MKRI-P/XI-2009</subfield>
  </datafield>
  <datafield tag="990" ind1=" " ind2=" ">
   <subfield code="a">08480/MKRI-P/XII-2008</subfield>
  </datafield>
  <datafield tag="990" ind1=" " ind2=" ">
   <subfield code="a">08481/MKRI-P/XII-2008</subfield>
  </datafield>
  <datafield tag="990" ind1=" " ind2=" ">
   <subfield code="a">13739/MKRI-P/XI-2009</subfield>
  </datafield>
  <datafield tag="990" ind1=" " ind2=" ">
   <subfield code="a">13740/MKRI-P/XI-2009</subfield>
  </datafield>
  <datafield tag="990" ind1=" " ind2=" ">
   <subfield code="a">13741/MKRI-P/XI-2009</subfield>
  </datafield>
  <datafield tag="990" ind1=" " ind2=" ">
   <subfield code="a">08480/MKRI-P/XII-2008</subfield>
  </datafield>
  <datafield tag="990" ind1=" " ind2=" ">
   <subfield code="a">08481/MKRI-P/XII-2008</subfield>
  </datafield>
  <datafield tag="990" ind1=" " ind2=" ">
   <subfield code="a">13739/MKRI-P/XI-2009</subfield>
  </datafield>
  <datafield tag="990" ind1=" " ind2=" ">
   <subfield code="a">13741/MKRI-P/XI-2009</subfield>
  </datafield>
  <datafield tag="990" ind1=" " ind2=" ">
   <subfield code="a">13740/MKRI-P/XI-2009</subfield>
  </datafield>
  <datafield tag="990" ind1=" " ind2=" ">
   <subfield code="a">08480/MKRI-P/XII-2008</subfield>
  </datafield>
  <datafield tag="990" ind1=" " ind2=" ">
   <subfield code="a">08481/MKRI-P/XII-2008</subfield>
  </datafield>
  <datafield tag="990" ind1=" " ind2=" ">
   <subfield code="a">13739/MKRI-P/XI-2009</subfield>
  </datafield>
  <datafield tag="990" ind1=" " ind2=" ">
   <subfield code="a">13739/MKRI-P/XI-2009</subfield>
  </datafield>
  <datafield tag="990" ind1=" " ind2=" ">
   <subfield code="a">13740/MKRI-P/XI-2009</subfield>
  </datafield>
  <datafield tag="990" ind1=" " ind2=" ">
   <subfield code="a">13741/MKRI-P/XI-2009</subfield>
  </datafield>
  <datafield tag="990" ind1=" " ind2=" ">
   <subfield code="a">08480/MKRI-P/XII-2008</subfield>
  </datafield>
  <datafield tag="990" ind1=" " ind2=" ">
   <subfield code="a">08481/MKRI-P/XII-2008</subfield>
  </datafield>
  <datafield tag="990" ind1=" " ind2=" ">
   <subfield code="a">08480/MKRI-P/XII-2008</subfield>
  </datafield>
  <datafield tag="990" ind1=" " ind2=" ">
   <subfield code="a">13740/MKRI-P/XI-2009</subfield>
  </datafield>
  <datafield tag="990" ind1=" " ind2=" ">
   <subfield code="a">13741/MKRI-P/XI-2009</subfield>
  </datafield>
  <datafield tag="990" ind1=" " ind2=" ">
   <subfield code="a">08481/MKRI-P/XII-2008</subfield>
  </datafield>
  <datafield tag="990" ind1=" " ind2=" ">
   <subfield code="a">13739/MKRI-P/XI-2009</subfield>
  </datafield>
  <datafield tag="990" ind1=" " ind2=" ">
   <subfield code="a">08481/MKRI-P/XII-2008</subfield>
  </datafield>
  <datafield tag="990" ind1=" " ind2=" ">
   <subfield code="a">13740/MKRI-P/XI-2009</subfield>
  </datafield>
  <datafield tag="990" ind1=" " ind2=" ">
   <subfield code="a">13741/MKRI-P/XI-2009</subfield>
  </datafield>
  <datafield tag="990" ind1=" " ind2=" ">
   <subfield code="a">08480/MKRI-P/XII-2008</subfield>
  </datafield>
  <datafield tag="990" ind1=" " ind2=" ">
   <subfield code="a">13739/MKRI-P/XI-2009</subfield>
  </datafield>
 </record>
</collection>
